The USA, CANADA and the Quaid-i-Azam Muhammad Ali Jinnah (Record no. 13563)
[ view plain ]
| 000 -LEADER | |
|---|---|
| fixed length control field | 00509nam a22001817a 4500 |
| 003 - CONTROL NUMBER IDENTIFIER | |
| control field | NUST |
| 008 - FIXED-LENGTH DATA ELEMENTS--GENERAL INFORMATION | |
| fixed length control field | 231201b ||||| |||| 00| 0 eng d |
| 020 ## - INTERNATIONAL STANDARD BOOK NUMBER | |
| International Standard Book Number | - |
| 082 ## - DEWEY DECIMAL CLASSIFICATION NUMBER | |
| Classification number | 928.914391 |
| Author Mark | MAL |
| 100 ## - MAIN ENTRY--PERSONAL NAME | |
| Personal name | Malik, Nadeem Shafiq Dr. |
| 9 (RLIN) | 457 |
| 245 ## - TITLE STATEMENT | |
| Title | The USA, CANADA and the Quaid-i-Azam Muhammad Ali Jinnah |
| 250 ## - EDITION STATEMENT | |
| Edition statement | 1st |
| 260 ## - PUBLICATION, DISTRIBUTION, ETC. | |
| Place of publication, distribution, etc. | Karachi |
| Name of publisher, distributor, etc. | Fiction House |
| Date of publication, distribution, etc. | 2015 |
| 300 ## - PHYSICAL DESCRIPTION | |
| Extent | 187 p. |
| 500 ## - GENERAL NOTE | |
| General note | Includes index. |
| 650 ## - SUBJECT ADDED ENTRY--TOPICAL TERM | |
| Topical term or geographic name entry element | Jinnah, Muhammad Ali 1876-1948---Bibliography |
| 9 (RLIN) | 119430 |
| 942 ## - ADDED ENTRY ELEMENTS (KOHA) | |
| Koha item type | Book |
| Source of classification or shelving scheme | |
| Withdrawn status | Lost status | Source of classification or shelving scheme | Damaged status | Not for loan | Permanent Location | Current Location | Shelving location | Date acquired | Source of acquisition | Cost, normal purchase price | Full call number | Barcode | Date last seen | Price effective from | Koha item type |
|---|---|---|---|---|---|---|---|---|---|---|---|---|---|---|---|
| Central Library (CL) | Central Library (CL) | General Stacks | 05/02/2016 | Donation | 800.00 | 928.914391 MAL | SEECSD01287 | 05/04/2016 | 05/04/2016 | Book | |||||
| Central Library (CL) | Central Library (CL) | General Stacks | 05/02/2016 | Donation | 800.00 | 928.914391 MAL | SEECSD01288 | 05/04/2016 | 05/04/2016 | Book |
